| 000 | 00354nam a22001577a 4500 | ||
|---|---|---|---|
| 020 | _a93-81641-04-0 | ||
| 082 |
_a894.812.3 _bHES/S |
||
| 100 | _aHESSE HERMAN | ||
| 245 | _aSIDHARTHA | ||
| 246 |
_aSIDHARTHA _bSIDHARTHA |
||
| 260 |
_aKANNUR _bHERMAN HESSE _c2021 |
||
| 300 | _a128 | ||
| 520 | _aNOVEL MALAYALAM | ||
| 650 | _aMALAYALAM NOVEL | ||
| 942 | _cBK | ||
| 999 |
_c7106 _d7106 |
||